[Event "Ankara Baskent Univ op 6th"]
[Site "Ankara"]
[Date "2023.08.19"]
[Round "8"]
[White "Gurbanov, Ismayil"]
[Black "Ozcan, Ilker"]
[Result "0-1"]
[WhiteElo "1985"]
[BlackElo "1986"]
[PlyCount "160"]
[EventDate "2023.08.15"]
[EventType "swiss"]
[EventRounds "9"]
[EventCountry "TUR"]
[SourceTitle "CBM 215 Extra"]
[Source "ChessBase"]
[SourceDate "2023.09.30"]
[SourceVersion "1"]
[SourceVersionDate "2023.09.30"]
[SourceQuality "1"]

1. e4 c5 2. Nf3 e6 3. d4 cxd4 4. Nxd4 a6 5. Nc3 Qc7 6. g3 Nf6 7. Bg2 d6 8. 0-0 Be7 9. a4 Nc6 10. Nb3 b6 11. Qe2 0-0 12. Be3 Bb7 13. g4 Rac8 14. h3 Rfe8 15. g5 Nd7 16. f4 Bf8 17. Qf2 g6 18. Rad1 Nc5 19. h4 Nb4 20. h5 Bc6 21. Nxc5 bxc5 22. Rd2 Bd7 23. Rfd1 Rcd8 24. Bf3 Bc8 25. Kg2 Qe7 26. Re2 Qc7 27. hxg6 fxg6 28. Red2 Qe7 29. a5 Bb7 30. Na4 Bc6 31. Ra1 e5 32. c3 exf4 33. Bxf4 Bxa4 34. Rxa4 Nc6 35. Ra1 Bg7 36. Be2 Be5 37. Bc4+ Kh8 38. Be3 Bxc3 39. Bd5 Bxd2 40. Bxd2 Rf8 41. Bc3+ Ne5 42. Qg3 h5 43. gxh6 Kh7 44. Bd2 Rf3 45. Qg5 Qd7 46. Bf4 Rf8 47. Bg3 Ng4 48. Re1 Ne5 49. Re2 Qe8 50. b3 Rd3 51. Bxe5 Qxe5 52. Qxe5 dxe5 53. Rc2 Rc8 54. b4 c4 55. Bb7 Rb8 56. Bxa6 Rxb4 57. Bxc4 Ra3 58. a6 Raa4 59. Bd3 Rd4 60. Bb5 Ra5 61. Rc7+ Kxh6 62. a7 Rd2+ 63. Kg3 Ra3+ 64. Kh4 Rg2 65. Rc6 Rxa7 66. Re6 Ra1 67. Kh3 Rg5 68. Kh2 Rag1 69. Re8 R1g4 70. Kh3 Rxe4 71. Bc6 Rc4 72. Bd5 Rd4 73. Be6 Kg7 74. Ba2 Rf5 75. Re7+ Kh6 76. Bb1 Rg5 77. Ba2 Rd1 78. Kh2 Rd2+ 79. Kh1 Rh5+ 80. Kg1 Rxa2 0-1

[Event "Ankara Baskent Univ op 6th"]
[Site "Ankara"]
[Date "2023.08.19"]
[Round "7"]
[White "Ozcan, Ilker"]
[Black "Taspinar, Yanki"]
[Result "0-1"]
[WhiteElo "1986"]
[BlackElo "2307"]
[PlyCount "88"]
[EventDate "2023.08.15"]
[EventType "swiss"]
[EventRounds "9"]
[EventCountry "TUR"]
[SourceTitle "CBM 215 Extra"]
[Source "ChessBase"]
[SourceDate "2023.09.30"]
[SourceVersion "1"]
[SourceVersionDate "2023.09.30"]
[SourceQuality "1"]

1. c4 e6 2. g3 Nf6 3. Bg2 d5 4. Nf3 dxc4 5. Qa4+ Bd7 6. Qxc4 c5 7. 0-0 Bc6 8. Nc3 Nbd7 9. d3 Be7 10. Qb3 0-0 11. a4 b6 12. e4 a6 13. Bf4 b5 14. Rfd1 Qb6 15. Qc2 Qb7 16. Qe2 Rfd8 17. Re1 Bf8 18. Nd2 Qb6 19. Nf3 h6 20. Red1 Rac8 21. Ne5 Nxe5 22. Bxe5 Be7 23. Bf4 Qb7 24. b3 Nd7 25. Rac1 Bf6 26. axb5 axb5 27. Be3 Be7 28. f4 Ra8 29. Nb1 Ra1 30. Qb2 Rda8 31. Nc3 R1a5 32. d4 cxd4 33. Bxd4 Ba3 34. Qe2 Bxc1 35. Rxc1 Ra1 36. Rxa1 Rxa1+ 37. Kf2 Qa8 38. Qg4 e5 39. fxe5 Nf8 40. Bf3 Ne6 41. Be3 Qa5 42. Nd1 Qa2+ 43. Be2 Rxd1 44. Bxh6 Rd4 0-1

[Event "Ankara Baskent Univ op 6th"]
[Site "Ankara"]
[Date "2023.08.16"]
[Round "2"]
[White "Gunduz, Umut Erdem"]
[Black "Ozcan, Ilker"]
[Result "1-0"]
[WhiteElo "2301"]
[BlackElo "1986"]
[PlyCount "69"]
[EventDate "2023.08.15"]
[EventType "swiss"]
[EventRounds "9"]
[EventCountry "TUR"]
[SourceTitle "CBM 215 Extra"]
[Source "ChessBase"]
[SourceDate "2023.09.30"]
[SourceVersion "1"]
[SourceVersionDate "2023.09.30"]
[SourceQuality "1"]

1. g3 Nf6 2. Nf3 g6 3. Bg2 Bg7 4. 0-0 0-0 5. c4 d6 6. d4 Nbd7 7. Nc3 e5 8. e4 exd4 9. Nxd4 Nc5 10. h3 Re8 11. Re1 h6 12. Nb3 Ne6 13. f4 Nd7 14. Be3 a5 15. Kh2 a4 16. Nd4 Nb6 17. Qd3 Nc5 18. Qf1 f5 19. Bg1 fxe4 20. Nxe4 Bd7 21. Rad1 Nxe4 22. Bxe4 Qf6 23. Bxb7 Rab8 24. Bg2 c5 25. Nb5 Rxe1 26. Rxe1 Kh7 27. b3 Bf5 28. Qe2 Rd8 29. Nc7 Qc3 30. Ne8 Rd7 31. g4 Bd3 32. Qe6 Qxb3 33. f5 Qxc4 34. Qxg6+ Kh8 35. Nxg7 1-0

[Event "TUR Cup"]
[Site "Denizli"]
[Date "2023.07.22"]
[Round "9"]
[White "Saka, Omer"]
[Black "Ozcan, Ilker"]
[Result "1-0"]
[WhiteElo "1823"]
[BlackElo "2014"]
[PlyCount "115"]
[EventDate "2023.07.16"]
[EventType "team-tourn"]
[EventRounds "9"]
[EventCountry "TUR"]
[SourceTitle "CBM 215 Extra"]
[Source "ChessBase"]
[SourceDate "2023.09.30"]
[SourceVersion "1"]
[SourceVersionDate "2023.09.30"]
[SourceQuality "1"]

1. d4 d6 2. Nf3 Nf6 3. c4 g6 4. Bg5 Bg7 5. Nc3 h6 6. Bh4 0-0 7. e3 Nbd7 8. Be2 e5 9. Qc2 c6 10. 0-0 Qe7 11. Rfd1 g5 12. Bg3 Nh5 13. Bd3 Nxg3 14. hxg3 Nb6 15. dxe5 dxe5 16. e4 Nd7 17. Na4 b6 18. Rab1 Nf6 19. b4 Ng4 20. Nh2 Nxh2 21. Kxh2 h5 22. b5 cxb5 23. cxb5 Be6 24. Nc3 Rac8 25. Qd2 Rcd8 26. Qe2 g4 27. Bc4 Rd4 28. Nd5 Qg5 29. Kg1 Kh8 30. Bb3 Bc8 31. Rbc1 f5 32. exf5 Bxf5 33. Rc7 Rxd1+ 34. Qxd1 Rd8 35. Qe2 Rd7 36. Rxd7 Bxd7 37. Ne3 Bf6 38. Qd3 Qg7 39. Qe4 Be7 40. Qa8+ Qf8 41. Qxa7 Qd8 42. Qa4 Qf8 43. Qe4 Bf6 44. a4 Qe7 45. Qg6 Qf8 46. Qxh5+ Kg7 47. Nxg4 Bxg4 48. Qxg4+ Kh8 49. Qh5+ Kg7 50. Qg4+ Kh8 51. Qe6 Bd8 52. Qxe5+ Bf6 53. Qe6 Bd8 54. g4 Be7 55. Qf5 Qd8 56. Qg6 Qf8 57. Qh5+ Kg7 58. g5 1-0

[Event "TUR Cup"]
[Site "Denizli"]
[Date "2023.07.19"]
[Round "6"]
[White "Ozcan, Ilker"]
[Black "Kazoglu, Eyup"]
[Result "1/2-1/2"]
[WhiteElo "2014"]
[BlackElo "2041"]
[PlyCount "98"]
[EventDate "2023.07.16"]
[EventType "team-tourn"]
[EventRounds "9"]
[EventCountry "TUR"]
[SourceTitle "CBM 215 Extra"]
[Source "ChessBase"]
[SourceDate "2023.09.30"]
[SourceVersion "1"]
[SourceVersionDate "2023.09.30"]
[SourceQuality "1"]

1. c4 e5 2. d3 Nf6 3. Nf3 Nc6 4. a3 d5 5. cxd5 Nxd5 6. e3 g6 7. b4 a6 8. Bb2 Bg7 9. Qc2 0-0 10. Be2 Qe7 11. Nc3 Nxc3 12. Bxc3 Bf5 13. Nd2 Rad8 14. Ne4 Nd4 15. Qb2 Nxe2 16. Qxe2 Qd7 17. Bb2 a5 18. Rc1 axb4 19. axb4 Qb5 20. Rc4 Be6 21. Rxc7 Bd5 22. Qc2 Qxb4+ 23. Rc3 Bxe4 24. dxe4 Qb5 25. Rc4 Qa5+ 26. Bc3 Qa6 27. Bb4 b5 28. Rc6 Rc8 29. Rxa6 Rxc2 30. Bxf8 Rc1+ 31. Ke2 Rxh1 32. Bd6 h5 33. h3 Rb1 34. Ra8+ Kh7 35. Ra7 Kg8 36. Ra8+ Kh7 37. Ra7 b4 38. Rxf7 Kg8 39. Rb7 b3 40. Ba3 Bf6 41. Kf3 Bh4 42. g3 Bf6 43. h4 Bg7 44. Rb5 Bf6 45. Rb8+ Kf7 46. Rb7+ Ke6 47. Rb6+ Kf7 48. Rb7+ Ke6 49. Rb6+ Kf7 1/2-1/2

[Event "TUR Cup"]
[Site "Denizli"]
[Date "2023.07.19"]
[Round "5"]
[White "Yolsal, Umut"]
[Black "Ozcan, Ilker"]
[Result "1-0"]
[WhiteElo "1960"]
[BlackElo "2014"]
[PlyCount "85"]
[EventDate "2023.07.16"]
[EventType "team-tourn"]
[EventRounds "9"]
[EventCountry "TUR"]
[SourceTitle "CBM 215 Extra"]
[Source "ChessBase"]
[SourceDate "2023.09.30"]
[SourceVersion "1"]
[SourceVersionDate "2023.09.30"]
[SourceQuality "1"]

1. e4 c5 2. c3 Nf6 3. e5 Nd5 4. Nf3 e6 5. d4 cxd4 6. cxd4 d6 7. Bc4 Nb6 8. Bb3 Nc6 9. 0-0 Be7 10. Nc3 0-0 11. Qe2 Nb4 12. Bf4 N4d5 13. Bg3 Nxc3 14. bxc3 d5 15. Qd3 Bd7 16. Bc2 g6 17. Qe3 Rc8 18. Rac1 Re8 19. h4 Nc4 20. Qf4 Na3 21. h5 Nxc2 22. Rxc2 Bb5 23. Re1 Bd3 24. Rcc1 g5 25. Qd2 Bf5 26. Nh2 h6 27. Nf1 Ba3 28. f4 Bxc1 29. Rxc1 g4 30. Ne3 Kh7 31. c4 Qd7 32. c5 b6 33. Bh4 Rc7 34. Nxf5 exf5 35. Qd3 Qe6 36. Kh2 Rec8 37. Bf2 f6 38. Re1 Rf8 39. exf6 Qxf6 40. Re5 Qf7 41. Kg3 Re7 42. cxb6 axb6 43. Qb3 1-0

[Event "TUR-chT 2nd League"]
[Site "Konya"]
[Date "2022.08.27"]
[Round "8.5"]
[White "Ozcan, Ilker"]
[Black "Makaraci, Tunahan"]
[Result "1/2-1/2"]
[WhiteElo "2081"]
[BlackElo "2230"]
[PlyCount "115"]
[EventDate "2022.08.22"]
[EventType "team-swiss"]
[EventRounds "9"]
[EventCountry "TUR"]
[SourceTitle "CBM 210 Extra"]
[Source "ChessBase"]
[SourceDate "2022.11.30"]
[SourceVersion "1"]
[SourceVersionDate "2022.11.30"]
[SourceQuality "1"]
[WhiteTeam "Pamukkale Yonetimi"]
[BlackTeam "Cigli Batubey"]
[WhiteTeamCountry "TUR"]
[BlackTeamCountry "TUR"]

1. c4 e5 2. d3 Nf6 3. Nf3 Nc6 4. a3 a5 5. Nc3 d6 6. e3 Be7 7. Be2 0-0 8. 0-0 d5 9. cxd5 Nxd5 10. Qc2 Be6 11. Rd1 Nxc3 12. bxc3 a4 13. c4 Bf6 14. Rb1 b6 15. d4 exd4 16. Bb2 g6 17. exd4 Bf5 18. Bd3 Bxd3 19. Rxd3 Re8 20. Rbd1 Qd7 21. Re3 Ne7 22. Ne5 Bxe5 23. Rxe5 f6 24. Ree1 Nf5 25. Qc3 Rxe1+ 26. Rxe1 Re8 27. Rxe8+ Qxe8 28. h3 Kf7 29. c5 bxc5 30. dxc5 Qc6 31. Qc4+ Kg7 32. Qf4 h5 33. Qc4 Ne7 34. Qd4 Kf7 35. Kh2 Nd5 36. Qc4 Kg7 37. Qd4 g5 38. Bc1 Kf7 39. Bd2 Ne7 40. Bc3 Nf5 41. Qc4+ Kg7 42. Bb4 Nh4 43. f3 Ng6 44. Qd4 Nf4 45. h4 Ne6 46. Qc4 gxh4 47. Qxh4 Qd5 48. Bc3 Qf5 49. Qxa4 Nxc5 50. Qd4 Nd3 51. a4 c5 52. Qe4 Qd7 53. a5 Qd6+ 54. g3 Nb4 55. Bxb4 cxb4 56. Qb7+ Kh6 57. a6 Qd2+ 58. Kh1 1/2-1/2

[Event "TUR Cup"]
[Site "Antalya"]
[Date "2020.01.30"]
[Round "7"]
[White "Ozcan, Ilker"]
[Black "Unat, Can Haktan"]
[Result "1-0"]
[WhiteElo "1858"]
[BlackElo "2257"]
[PlyCount "127"]
[EventDate "2020.01.26"]
[EventType "swiss"]
[EventRounds "11"]
[EventCountry "TUR"]
[SourceTitle "CBM 194 Extra"]
[Source "ChessBase"]
[SourceDate "2020.03.31"]
[SourceVersion "1"]
[SourceVersionDate "2020.03.31"]
[SourceQuality "1"]

1. e4 e5 2. Nf3 Nc6 3. Bb5 a6 4. Ba4 Nf6 5. Nc3 Bc5 6. 0-0 Qe7 7. d3 h6 8. Be3 0-0 9. Qd2 Bxe3 10. fxe3 d6 11. Rae1 Be6 12. Bb3 Rad8 13. Qf2 Na5 14. Bxe6 fxe6 15. Qg3 Kh7 16. Qh3 Nd7 17. d4 b5 18. b3 Kg8 19. Qg3 b4 20. Nb1 Nf6 21. Nbd2 Nc6 22. Qh3 Qe8 23. Rf2 Rd7 24. Ref1 exd4 25. Nxd4 Nd8 26. Nc4 c5 27. Ne2 Nf7 28. Ng3 Qe7 29. Qh4 Nh7 30. Qg4 Nd8 31. Rxf8+ Nxf8 32. h4 Nc6 33. Nh5 Kh7 34. Nf4 Rd8 35. Rd1 Qf6 36. Nh5 Qe7 37. Nf4 Qf6 38. Nh5 Qe7 39. Nf4 g5 40. hxg5 Qxg5 41. Qf3 Qf6 42. Rxd6 Ne5 43. Qd1 Nxc4 44. bxc4 Re8 45. Rxa6 Qg5 46. Ra7+ Kh8 47. Qh5 Rd8 48. Qxg5 hxg5 49. Nd3 Ng6 50. Ra5 Kh7 51. Rxc5 Ra8 52. Nxb4 g4 53. Kf2 Ra3 54. g3 Kg7 55. Rb5 Kf6 56. c5 Ne5 57. c6 Rc3 58. Rb6 Nc4 59. Ra6 Nxe3 60. c7 Kg5 61. Rc6 Nd1+ 62. Ke2 Rxc6 63. Nxc6 Nc3+ 64. Ke1 1-0

[Event "TUR Cup"]
[Site "Antalya"]
[Date "2020.01.29"]
[Round "6"]
[White "Ozkan, Ervin"]
[Black "Ozcan, Ilker"]
[Result "1/2-1/2"]
[WhiteElo "2185"]
[BlackElo "1858"]
[PlyCount "139"]
[EventDate "2020.01.26"]
[EventType "swiss"]
[EventRounds "11"]
[EventCountry "TUR"]
[SourceTitle "CBM 194 Extra"]
[Source "ChessBase"]
[SourceDate "2020.03.31"]
[SourceVersion "1"]
[SourceVersionDate "2020.03.31"]
[SourceQuality "1"]

1. d4 d6 2. Bf4 g6 3. e3 Bg7 4. Nf3 Nd7 5. h3 e5 6. Bh2 Qe7 7. Be2 f5 8. c4 Nh6 9. Nc3 c6 10. b4 Nf7 11. b5 0-0 12. 0-0 Nf6 13. bxc6 bxc6 14. Qa4 Bd7 15. Qa3 Ne4 16. dxe5 Nxc3 17. Qxc3 dxe5 18. c5 Kh8 19. Rab1 Rab8 20. Rfd1 Rxb1 21. Rxb1 Be6 22. Ba6 Bxa2 23. Rb7 Qe6 24. Rxa7 Bd5 25. Nd2 Rd8 26. Qc2 Kg8 27. Bg3 Bh6 28. e4 fxe4 29. Nxe4 Ng5 30. Nxg5 Bxg5 31. Qb2 Re8 32. Be2 h5 33. Qb7 Qe7 34. Qb6 Qe6 35. Qb7 Qe7 36. Qb1 Qf6 37. h4 Bh6 38. Qb7 Bg7 39. Qd7 Qf7 40. Qxf7+ Bxf7 41. Rc7 Bd5 42. Ba6 Bf8 43. Bb7 Re7 44. Rxe7 Bxe7 45. Bxe5 Bxc5 46. Ba6 Be7 47. Bd3 Kf7 48. g3 Bf6 49. Bxf6 Kxf6 50. Kf1 Be6 51. Ke2 Bf5 52. Bc4 Ke5 53. Ke3 c5 54. f3 Bd7 55. Bd3 Bf5 56. Be2 Be6 57. g4 hxg4 58. fxg4 Bf7 59. Bd3 Be6 60. Bxg6 Bxg4 61. Bf7 Be6 62. Bxe6 Kxe6 63. Kd3 Kf5 64. Kc4 Kg4 65. h5 Kxh5 66. Kd5 c4 67. Kd4 c3 68. Kd3 c2 69. Kd2 c1Q+ 70. Kxc1 1/2-1/2

[Event "TUR Cup"]
[Site "Antalya"]
[Date "2020.01.28"]
[Round "4"]
[White "Korkmaz, Necmettin"]
[Black "Ozcan, Ilker"]
[Result "0-1"]
[WhiteElo "2157"]
[BlackElo "1858"]
[PlyCount "64"]
[EventDate "2020.01.26"]
[EventType "swiss"]
[EventRounds "11"]
[EventCountry "TUR"]
[SourceTitle "CBM 194 Extra"]
[Source "ChessBase"]
[SourceDate "2020.03.31"]
[SourceVersion "1"]
[SourceVersionDate "2020.03.31"]
[SourceQuality "1"]

1. e4 c5 2. Nc3 d6 3. Nf3 a6 4. d4 cxd4 5. Nxd4 Nf6 6. Bg5 e6 7. f4 Be7 8. Qf3 0-0 9. 0-0-0 Qc7 10. Bd3 Nbd7 11. Nb3 Rb8 12. Rhe1 e5 13. f5 b5 14. a3 Bb7 15. h4 b4 16. axb4 d5 17. Bxf6 Nxf6 18. Nxd5 Bxd5 19. exd5 Bxb4 20. Re2 a5 21. Nd2 a4 22. Nb1 Nd7 23. f6 Nxf6 24. d6 Bxd6 25. g4 Qb6 26. c3 a3 27. Nxa3 Bxa3 28. bxa3 e4 29. Bxe4 Nxe4 30. Qxe4 Qb3 31. Qe5 Qb1+ 32. Kd2 Rbd8+ 0-1

[Event "TUR-chT 1st League"]
[Site "Konya"]
[Date "2019.07.23"]
[Round "2.10"]
[White "Temizer, Umut"]
[Black "Ozcan, Ilker"]
[Result "1-0"]
[WhiteElo "1749"]
[BlackElo "1874"]
[PlyCount "55"]
[EventDate "2019.07.22"]
[EventType "team-swiss"]
[EventRounds "9"]
[EventCountry "TUR"]
[SourceTitle "CBM 191 Extra"]
[Source "ChessBase"]
[SourceDate "2019.09.30"]
[SourceVersion "1"]
[SourceVersionDate "2019.09.30"]
[SourceQuality "1"]
[WhiteTeam "Kahramanmaras CC"]
[BlackTeam "Denizli Metin Surmeli"]
[WhiteTeamCountry "TUR"]
[BlackTeamCountry "TUR"]

1. e4 c5 2. Nc3 a6 3. g3 b5 4. Bg2 Bb7 5. d3 e6 6. f4 b4 7. Nce2 d5 8. e5 Nc6 9. Nf3 Nge7 10. 0-0 h5 11. a3 a5 12. c4 Qd7 13. Be3 Nf5 14. Bf2 bxa3 15. bxa3 Rc8 16. cxd5 exd5 17. Nc3 Rd8 18. Ng5 Ncd4 19. Bh3 Be7 20. Ne2 Qc6 21. Bxd4 Nxd4 22. Nxd4 cxd4 23. e6 Bxg5 24. exf7+ Kf8 25. fxg5 h4 26. Qe2 g6 27. Qe5 Rh7 28. Rae1 1-0

[Event "TUR-chT 2nd League"]
[Site "Konya"]
[Date "2018.07.19"]
[Round "6.14"]
[White "Ozcan, Ilker"]
[Black "Sinik, Yagmur"]
[Result "1-0"]
[WhiteElo "1643"]
[BlackElo "1349"]
[PlyCount "71"]
[EventDate "2018.07.16"]
[EventType "team-swiss"]
[EventRounds "9"]
[EventCountry "TUR"]
[SourceTitle "EXT 2019"]
[Source "ChessBase"]
[SourceDate "2018.10.10"]
[SourceVersion "1"]
[SourceVersionDate "2018.10.10"]
[SourceQuality "1"]
[WhiteTeam "Eskiseh Tasci"]
[BlackTeam "Karaman Yunus Ortaokulu"]
[WhiteTeamCountry "TUR"]
[BlackTeamCountry "TUR"]

1. e4 c5 2. Nf3 g6 3. c4 Bg7 4. d4 cxd4 5. Nxd4 Nc6 6. Be3 Nf6 7. Nc3 d6 8. f3 Bd7 9. Be2 a6 10. 0-0 0-0 11. Qd2 Rc8 12. Rac1 Ne5 13. b3 Nc6 14. Rfd1 Nxd4 15. Bxd4 Bc6 16. Qe3 Nd7 17. Bxg7 Kxg7 18. Qd4+ Nf6 19. b4 Bd7 20. f4 Kg8 21. e5 Ne8 22. c5 Ng7 23. exd6 Nf5 24. Qf2 exd6 25. g4 Ng7 26. Rxd6 Rc6 27. Rd2 Qc8 28. Nd5 Re6 29. Qh4 Qe8 30. Rcd1 f5 31. Bc4 Qd8 32. Qxd8 Rxd8 33. Nf6+ Kf8 34. Bxe6 Nxe6 35. Rxd7 Rxd7 36. Rxd7 1-0

[Event "TUR-chT 2nd League"]
[Site "Konya"]
[Date "2018.07.18"]
[Round "4.10"]
[White "Ozcan, Ilker"]
[Black "Taban, Yagiz"]
[Result "0-1"]
[WhiteElo "1643"]
[BlackElo "1618"]
[PlyCount "72"]
[EventDate "2018.07.16"]
[EventType "team-swiss"]
[EventRounds "9"]
[EventCountry "TUR"]
[SourceTitle "EXT 2019"]
[Source "ChessBase"]
[SourceDate "2018.10.10"]
[SourceVersion "1"]
[SourceVersionDate "2018.10.10"]
[SourceQuality "1"]
[WhiteTeam "Eskiseh Tasci"]
[BlackTeam "Altin Hamle Corum"]
[WhiteTeamCountry "TUR"]
[BlackTeamCountry "TUR"]

1. e4 c5 2. Nf3 e6 3. g3 a6 4. Bg2 b5 5. 0-0 Bb7 6. Re1 Nf6 7. e5 Nd5 8. d4 d6 9. exd6 Bxd6 10. c4 bxc4 11. Qa4+ Nd7 12. Qxc4 0-0 13. Nc3 N7b6 14. Qe2 cxd4 15. Nxd5 Bxd5 16. Nxd4 Bxg2 17. Kxg2 Qf6 18. Nf3 h6 19. Be3 Nd5 20. Bd4 Qe7 21. Ne5 Rac8 22. a3 Qb7 23. Qf3 Rfd8 24. Rad1 Rc2 25. Rc1 Rxc1 26. Rxc1 Bxe5 27. Rd1 Bxd4 28. Rxd4 Qxb2 29. Rd3 Rc8 30. Rb3 Qc2 31. Rb7 Nf6 32. Rb4 Qc6 33. Rb3 Qxf3+ 34. Kxf3 Rc4 35. h3 Nd5 36. Rb8+ Kh7 0-1

[Event "TUR-chT 2nd League"]
[Site "Konya"]
[Date "2018.07.17"]
[Round "3.12"]
[White "Bozkurt, Serkan"]
[Black "Ozcan, Ilker"]
[Result "0-1"]
[WhiteElo "1610"]
[BlackElo "1643"]
[PlyCount "70"]
[EventDate "2018.07.16"]
[EventType "team-swiss"]
[EventRounds "9"]
[EventCountry "TUR"]
[SourceTitle "EXT 2019"]
[Source "ChessBase"]
[SourceDate "2018.10.10"]
[SourceVersion "1"]
[SourceVersionDate "2018.10.10"]
[SourceQuality "1"]
[WhiteTeam "Gulbahcesi Egitim"]
[BlackTeam "Eskiseh Tasci"]
[WhiteTeamCountry "TUR"]
[BlackTeamCountry "TUR"]

1. d4 Nf6 2. Nf3 g6 3. g3 Bg7 4. Bg2 0-0 5. c4 d6 6. 0-0 c6 7. Nc3 Bf5 8. Re1 Ne4 9. Qb3 Qc7 10. Nh4 Nxc3 11. bxc3 Be6 12. Rb1 b5 13. d5 cxd5 14. Qxb5 Bxc3 15. Rd1 Nd7 16. cxd5 Rab8 17. Qd3 Ne5 18. Qc2 Rxb1 19. Qxb1 Bd7 20. Qc2 Qc4 21. Qb3 Qxb3 22. axb3 Rb8 23. f4 Ng4 24. h3 Nf6 25. Be3 a5 26. Rb1 a4 27. Bc1 Rxb3 28. Rxb3 axb3 29. e4 b2 30. Bxb2 Bxb2 31. Kf2 Bd4+ 32. Ke2 Bb5+ 33. Kd2 Nh5 34. Nf3 Bf2 35. e5 Bxg3 0-1